000 00672nam a2200217 a 4500
001 BRCA_1943
005 20190320203617.0
008 871015s1986 mx-a---##b---f000-0#spa-d
020 _a9688375012
040 _aDLC
_cDLC
_dDLC
050 4 _aAM3
_b.M33 1986
100 1 _aMadrid Jaime, Miguel Alfonso
_95972
245 1 0 _aGlosario de términos museológicos
_cMiguel A. Madrid.
260 _aMéxico
_bUNAM-CISM, Coordinación de Difusión Cultural
_c1986
300 _a130 p.
_bil.
_c26 cm.
500 _aIncluye índice general alfabético
504 _aBibliografía : p. 117-119
650 1 4 _aMuseos
_vDiccionarios
_xEspañol
_95973
902 _aREF
942 _2lcc
_cB
999 _c1713
_d1713